[Event "Hessen-chB"]
[Site "Offenbach"]
[Date "2012.04.05"]
[Round "1"]
[White "Lochmann, Tobias"]
[Black "Tischer, Christian Janek"]
[Result "0-1"]
[WhiteElo "730"]
[BlackElo "1574"]
[PlyCount "64"]
[EventDate "2012.04.05"]
[EventType "swiss"]
[EventRounds "7"]
[EventCountry "GER"]
[SourceTitle "EXT 2013"]
[Source "ChessBase"]
[SourceDate "2012.11.22"]
[SourceVersion "1"]
[SourceVersionDate "2012.11.22"]
[SourceQuality "1"]

1. d4 f5 2. Nf3 Nf6 3. Nc3 e6 4. Bd2 b6 5. g3 Bb7 6. Bg2 Be7 7. 0-0 0-0 8. Bh3 d6 9. Ne1 Qe8 10. f3 Nbd7 11. Nd3 h6 12. Rf2 Qh5 13. g4 fxg4 14. fxg4 Qxh3 15. Qf1 Qxg4+ 16. Rg2 Bxg2 17. Qxg2 Qxg2+ 18. Kxg2 e5 19. dxe5 Nxe5 20. Nb5 c6 21. Nc7 Rac8 22. Ne6 Rfe8 23. Rg1 Ne4 24. Bxh6 gxh6 25. Kh1+ Bg5 26. Ndf4 Kf7 27. h4 Bxf4 28. Nxf4 Rg8 29. Nh3 Rxg1+ 30. Nxg1 Rg8 31. Nh3 Ng3+ 32. Kh2 Nxe2 0-1

[Event "Main Vogelsberg op 6th"]
[Site "Hanau"]
[Date "2011.06.05"]
[Round "7"]
[White "Georgi, Florian"]
[Black "Tischer, Christian Janek"]
[Result "1-0"]
[WhiteElo "1770"]
[BlackElo "1495"]
[PlyCount "71"]
[EventDate "2011.06.02"]
[EventType "swiss"]
[EventRounds "7"]
[EventCountry "GER"]
[SourceTitle "CBM 142 Extra"]
[Source "ChessBase"]
[SourceDate "2011.06.27"]
[SourceVersion "1"]
[SourceVersionDate "2011.06.27"]
[SourceQuality "1"]

1. e4 d6 2. d4 Nf6 3. Nc3 g6 4. Bd3 Bg7 5. f4 Nc6 6. Nf3 Bg4 7. Be3 Nd7 8. Be2 e5 9. fxe5 Bxf3 10. Bxf3 dxe5 11. d5 Ne7 12. Qd2 Nc8 13. 0-0-0 Nd6 14. Ne2 a5 15. Bg5 f6 16. Bh4 Nc5 17. Nc3 b5 18. Bf2 Nd7 19. h4 0-0 20. h5 g5 21. Bg4 Re8 22. h6 Bf8 23. Qe2 Rb8 24. Rdf1 Nb6 25. Nxb5 Nbc4 26. Nxd6 Nxd6 27. Qf3 Be7 28. Be6+ Kh8 29. Bg3 Rf8 30. Rh5 Rb4 31. Rxg5 Rxe4 32. Rg4 f5 33. Rxe4 Nxe4 34. Bxe5+ Bf6 35. Qxf5 Qd6 36. Qxe4 1-0

[Event "Karl Mala Memorial op 13th"]
[Site "Frankfurt"]
[Date "2010.07.10"]
[Round "5"]
[White "Tischer, Christian Janek"]
[Black "Schuetzler, Bernd"]
[Result "0-1"]
[WhiteElo "1267"]
[BlackElo "1730"]
[PlyCount "98"]
[EventDate "2010.07.08"]
[EventType "swiss"]
[EventRounds "7"]
[EventCountry "GER"]
[SourceTitle "EXT 2012"]
[Source "ChessBase"]
[SourceDate "2011.11.24"]
[SourceVersion "1"]
[SourceVersionDate "2011.11.24"]
[SourceQuality "1"]

1. Nf3 d5 2. c4 c6 3. g3 Nf6 4. Bg2 e6 5. d4 Be7 6. 0-0 0-0 7. Qc2 Nbd7 8. Rd1 b6 9. Nc3 Ba6 10. Nd2 Qc8 11. Rb1 dxc4 12. e4 e5 13. d5 b5 14. a3 Rb8 15. b3 Re8 16. bxc4 bxc4 17. Nf1 Bc5 18. Be3 Bxa3 19. Bxa7 Rxb1 20. Rxb1 Bc5 21. Bxc5 Nxc5 22. Ne3 Nb3 23. Ne2 cxd5 24. exd5 Nd4 25. Qd2 Nxe2+ 26. Qxe2 c3 27. Qc2 Rd8 28. Rb3 Bb7 29. Rxc3 Qd7 30. Rc7 Qb5 31. Rc5 Qb4 32. Qc3 Qxc3 33. Rxc3 e4 34. Rc5 h6 35. f3 exf3 36. Bxf3 g6 37. Kf2 Nd7 38. Rc7 Ba6 39. d6 Ne5 40. Ra7 Rxd6 41. Be2 Bxe2 42. Kxe2 Re6 43. Kf2 Rf6+ 44. Kg2 h5 45. Nd5 Rd6 46. Ra5 Ng4 47. h3 Rxd5 48. Ra8+ Kg7 49. hxg4 hxg4 0-1